|
|
|
|
| LEADER |
01402nam a2200265 a 4500 |
| 001 |
GR-Patra33437 |
| 008 |
991022s19952008gr e 001 0 gre d |
| 082 |
|
0 |
|a 336.2715
|
| 245 |
0 |
0 |
|a Φ.Π.Α. δηλώσεις στην πραξη.
|
| 250 |
|
|
|a 12η εκδ.
|
| 260 |
|
|
|a Θεσσαλονίκη :
|b [χ.ο.],
|c 2008
|
| 300 |
|
|
|a 672σ. :
|b πίν.
|
| 500 |
|
|
|a Περιλαμβάνει ευρετήριο
|
| 500 |
|
|
|a Σύστημα "ΕΥΔΟΞΟΣ": αρ. εισ. 51998, 54088
|
| 610 |
|
4 |
|a Σύστημα ΕΥΔΟΞΟΣ
|
| 650 |
|
4 |
|a ΔΗΛΩΣΕΙΣ
|
| 650 |
|
4 |
|a ΦΟΡΟΣ ΠΡΟΣΤΙΘΕΜΕΝΗΣ ΑΞΙΑΣ
|
| 650 |
|
4 |
|a ΦΠΑ
|
| 700 |
1 |
|
|a Καραγιάννης, Δημήτριος Ι.
|
| 942 |
|
|
|2 ddc
|
| 952 |
|
|
|0 0
|1 0
|2 ddc
|4 0
|6 336_271400000000000_ΚΑΡ
|7 0
|9 315083
|a LISK
|b LISK
|c EUD
|d 2021-01-17
|e 24
|f 0
|g 0.00
|l 0
|o 336.2714 ΚΑΡ
|p 92410054088
|r 2021-01-17 00:00:00
|t 1
|w 2021-01-17
|y BK15
|x 20130426 0 1
|x GrPaTEI
|
| 952 |
|
|
|0 0
|1 0
|2 ddc
|4 0
|6 336_271400000000000_ΚΑΡ
|7 0
|9 315084
|a LISK
|b LISK
|c BSC
|d 2021-01-17
|e 24
|f 0
|g 0.00
|l 0
|o 336.2714 ΚΑΡ
|p 92410054129
|r 2021-01-17 00:00:00
|t 1
|w 2021-01-17
|y BK15
|x 20131029 0 1
|x GrPaTEI
|
| 952 |
|
|
|0 0
|1 0
|2 ddc
|4 0
|6 336_271400000000000_ΚΑΡ
|7 1
|9 315085
|a LISK
|b LISK
|c EUD
|d 2021-01-17
|e 24
|f 0
|g 0.00
|l 0
|o 336.2714 ΚΑΡ
|p 92410051998
|r 2021-01-17 00:00:00
|t 1
|w 2021-01-17
|y BKN
|x 20130426 0 0
|x GrPaTEI
|
| 971 |
|
|
|a .b26810098
|b 01-10-20
|c 26-09-16
|
| 999 |
|
|
|c 179827
|d 179827
|